|
|
|
|
| LEADER |
01237nam a2200277 u 4500 |
| 001 |
10119360 |
| 003 |
upatras |
| 005 |
20210117205752.0 |
| 008 |
160308s2013 us eng |
| 020 |
|
|
|a 9780823249732
|
| 040 |
|
|
|a ΠΑΝΕΠΙΣΤΗΜΙΟ ΠΑΤΡΑΣ
|c ΠΑΝΕΠΙΣΤΗΜΙΟ ΠΑΤΡΑΣ
|
| 041 |
1 |
|
|a eng
|
| 082 |
0 |
4 |
|a 111.85
|
| 100 |
1 |
|
|a Menke, Christoph
|d 1958-
|4 aut
|9 85228
|
| 245 |
1 |
0 |
|a Force
|b a fundamental concept of aesthetic anthropology
|c Christoph Menke; translated by Gerrit Jackson
|
| 260 |
|
|
|a New York
|b Fordham University Press
|c 2013
|
| 300 |
|
|
|a xii, 111 σ.
|c 23 εκ.
|
| 504 |
|
|
|a Περιλαμβάνει βιβλιογραφία και ευρετήριο
|
| 650 |
|
4 |
|a Αισθητική, Σύγχρονη
|y 18ος αιώνας
|9 147242
|
| 650 |
|
4 |
|a Αισθητική (Φιλοσοφία)
|9 7160
|
| 700 |
1 |
|
|a Jackson, Gerrit
|4 trl
|9 149322
|
| 852 |
|
|
|a GR-PaULI
|b ΠΑΤΡΑ
|b ΦΙΛΟΣΟΦΙΑ
|k ΑΣΧΞ-4
|h 111.85 MEN
|m 11093
|p 025000186493
|t 1
|
| 942 |
|
|
|2 ddc
|c BK15
|
| 952 |
|
|
|0 0
|1 0
|4 0
|6 111_850000000000000_MEN
|7 0
|9 190014
|a PHIL
|b PHIL
|d 2016-04-24
|i 11093
|l 0
|o 111.85 MEN
|p 025000186493
|r 2016-04-24 00:00:00
|t 1
|w 2016-04-24
|y BK15
|
| 998 |
|
|
|c ΚΑΝΕΛΛΟΠΟΥΛΟΥ
|d 2016-02
|
| 999 |
|
|
|c 117027
|d 117027
|